| 000 | 00619nam a2200265Ia 4500 | ||
|---|---|---|---|
| 005 | 20250425160856.0 | ||
| 008 | 250425s9999 xx 000 0 und d | ||
| 020 | _a8420004669 | ||
| 041 | _aspa | ||
| 082 | _a633.1 | ||
| 100 | _aSCADE, JOHN | ||
| 245 | 0 | _aCEREALES | |
| 250 | _a1A ED. | ||
| 260 |
_aEspaƱa _bACRIBIA _c1980 |
||
| 260 | _aZARAGOZA | ||
| 300 | _a93 | ||
| 500 | _aConsultar inv.27340, 39242; (D-24172 solicitado baja) en BIBTEC | ||
| 650 | _aCEREALES | ||
| 650 | _aHARINA | ||
| 650 | _aPAN | ||
| 650 | _aPRODUCTOS DE PANADERIA | ||
| 650 | _aTRIGO | ||
| 942 | _c01 | ||
| 010 | _a7392 | ||
| 999 |
_c197976 _d197976 |
||